Undersatanding journalism / (Record no. 134862)

MARC details
000 -LEADER
fixed length control field 00779nam a22002537a 4500
003 - CONTROL NUMBER IDENTIFIER
control field 0
005 - DATE AND TIME OF LATEST TRANSACTION
control field 20180801162733.0
008 - FIXED-LENGTH DATA ELEMENTS--GENERAL INFORMATION
fixed length control field 0
010 ## - LIBRARY OF CONGRESS CONTROL NUMBER
LC control number B-119554
020 ## - INTERNATIONAL STANDARD BOOK NUMBER
Terms of availability 00.00
International Standard Book Number 8178292149
035 ## - SYSTEM CONTROL NUMBER
System control number B-119554, B-119555
037 ## - SOURCE OF ACQUISITION
Source of stock number/acquisition Cen Lib/Ret
040 ## - CATALOGING SOURCE
Original cataloging agency DPL
Language of cataloging EN
Transcribing agency 0
082 ## - DEWEY DECIMAL CLASSIFICATION NUMBER
Classification number 070.4
Item number BUR
100 ## - MAIN ENTRY--PERSONAL NAME
Personal name Burns, Lynette Sherindan
9 (RLIN) 42008
245 ## - TITLE STATEMENT
Title Undersatanding journalism /
Statement of responsibility, etc by Lynette Shridan Burns
260 ## - PUBLICATION, DISTRIBUTION, ETC. (IMPRINT)
Place of publication, distribution, etc New Delhi
Name of publisher, distributor, etc Vistaar publications
Date of publication, distribution, etc 2004
270 ## - ADDRESS
City New Delhi
Address 32 M-Block Market,Graeter Kailash
Postal code 110048
300 ## - PHYSICAL DESCRIPTION
Extent ix,186p.
Dimensions 23cm(pbk)
500 ## - GENERAL NOTE
General note Includes bibliographical references and index
650 ## - SUBJECT ADDED ENTRY--TOPICAL TERM
Topical term or geographic name as entry element Journalism
9 (RLIN) 42009
650 ## - SUBJECT ADDED ENTRY--TOPICAL TERM
Topical term or geographic name as entry element Journalism
General subdivision Study and teaching
9 (RLIN) 42010
942 ## - ADDED ENTRY ELEMENTS (KOHA)
Source of classification or shelving scheme Dewey Decimal Classification
Koha item type English Books
Classification part 070.4
Call number suffix BUR
Holdings
Withdrawn status Lost status Damaged status Not for loan Home library Current library Date acquired Source of acquisition Cost, normal purchase price Total Checkouts Full call number Barcode Date last seen Copy number Cost, replacement price Price effective from Koha item type Source of classification or shelving scheme Collection code
        Central Library Central Library 31/07/2015 Cen Lib/Ret 0.00   070.4 BUR B-119554 31/07/2015 1 0.00 31/07/2015 English Books    
        Patel Nagar Patel Nagar 01/08/2018 BPPD/PUB 0.00   070.4 BUR B-119555 01/08/2018   0.00 01/08/2018 English Books Dewey Decimal Classification Non-fiction

© Delhi Public Library
Hit Counter
free hit counter